| 000 | 00373nam a2200157Ia 4500 | ||
|---|---|---|---|
| 003 | OSt | ||
| 005 | 20240311105804.0 | ||
| 008 | 170523s9999 xx 000 0 und d | ||
| 020 | _a978-0071137720 | ||
| 040 | _ciimtu meerut | ||
| 100 | _aWEIHRICH- KOONTZ | ||
| 245 | 0 | _aMANAGEMENT : A GLOBAL PERSPECTIVE | |
| 260 | _bTATA MC GRAW HILL | ||
| 260 | _c2001 | ||
| 942 |
_2ddc _c02 |
||
| 999 |
_c1309 _d1309 |
||